00737nam a22002057a 450000500170000001000260001702000260004303500130006903500170008203700190009908200110011810000260012924501140015526000430026927000740031230000270038650000670041365000300048070000210051020160531141910.0 a1516ENO7 ENG-114857 a9788184005745c799.00 aEN-98389 aB-615226-237 adplbPansy/Ven a954.91 aJaffrelot, Christophe aThe Pakistan paradox :cby Christophe Jaffrelot ; translated by Cynthia Schochbinstability and resilience / aGurgaonbRandom House Publishersc2015 a7th Floor, Infinity Tower G, DLF Cyber CitybGurgaone122002k-l-m- axii, 670p. c24cm(pbk) aIncludes bibliographical references (pages 657-659) and index. a Politics and government. dSchoch ,Cynthia